000
00274nam a22001217a 4500
008
181009b xxu||||| |||| 00| 0 eng d
041
_a
eng
080
_a
781
100
_a
45
101
_a
MUZ
245
_a
Southern Music America Music
_c
Malone.b.c
942
_2
udc
_c
BK
999
_c
49212
_d
49212